| 000 | nam a22 7a 4500 | ||
|---|---|---|---|
| 999 |
_c4765 _d4765 |
||
| 005 | 20180913105002.0 | ||
| 008 | 180913b2018 mau||||| |||| 00| 0 eng d | ||
| 020 |
_a9781633693067 _cRM 129.90 |
||
| 040 | _aAKMAL | ||
| 082 | _a658 HAR | ||
| 090 |
_a658 _bHAR |
||
| 245 | 0 | 0 |
_aHBR's 10 must reads _b : the definitive management ideas of the year from Harvard Business Review 2018. |
| 246 | 3 | _aHarvard business review's ten must reads | |
| 246 | 3 | 0 | _aDefinitive management ideas of the year from Harvard Business Review 2018 |
| 264 | 1 |
_aBoston, Massachusetts : _bHarvard Business Review Press, _c [2018] |
|
| 300 |
_b193pg _c22cm |
||
| 490 | 1 | _aHBR's 10 must reads (Series) | |
| 500 | _aIncludes index. | ||
| 505 | 0 | _aCustomer loyalty is overrated / by A.G. Lafley and Roger L. Martin -- Noise: how to overcome the high, hidden cost of inconsistent decision making / by Daniel Kahneman, Andrew M. Rosenfield, Linnea Gandhi, and Tom Blaser -- Visualizations that really work / by Scott Berinato -- Right tech, wrong time / by Ron Adner and Rahul Kapoor -- How to pay for health care / by Michael E. Porter and Robert S. Kaplan -- The performance management revolution / by Peter Cappelli and Anna Tavis -- Let your workers rebel / by Francesca Gino -- Why diversity programs fail / by Frank Dobbin and Alexandra Kalev -- What so many people don't get about the U.S. working class / by Joan C. Williams -- The truth about Blockchain / by Marco Iansiti and Karim R. Lakhani -- The Edison of medicine -- By Steven Prokesch. | |
| 520 | _aWe've combed through the ideas, insights, and best practices from the past year of Harvard Business Review to help you get up to speed fast on the relevant ideas driving business today. Discover new ideas and sample the work from our vast cabinet of experts and their smart management thinking. Revisit these topics now to make sure you're incorporating the brightest, most up-to-date practices in your organization, or keep it as a reference to access these memorable pieces when you need them most. The collection includes articles on leadership, strategy, and innovation, as well as content to help you manage yourself and others. A year's worth of management wisdom, all in one place. | ||
| 650 |
_aManagement. _91462 |
||
| 830 |
_aHBR's 10 must reads (Series) _99112 |
||
| 942 |
_2ddc _cBOOK |
||